000 00596cam a22002053a 4500
001 44569
003 PGUSA
005 20140828084022.0
008 140103s2014||||xxu|||||s|||||000 | eng d
040 _aPGUSA
_beng
042 _adc
100 1 _aBoyer, Charles Sumner
245 1 4 _aThe Diatomaceae of Philadelphia and Vicinity
_h[electronic resource] /
_cCharles Sumner Boyer
260 _bProject Gutenberg,
_c2014
506 _aPublic domain in the USA.
516 _aElectronic text
830 0 _aProject Gutenberg
_v44569
856 4 0 _uhttp://www.gutenberg.org/ebooks/44569
942 _cEB
999 _c273820
_d273820